00827cam a2200241 a 4500999001500000001000500015003000900020005001700029008004100046020001500087040002800102082002100130100002400151245010300175260004100278300004800319500002000367650002700387700002200414700001800436942001200454952011900466 c6122d61224398BD-DhUAP20201224152903.0201224s2000 maua b 001 0 eng  a0070214417 aDLCcDLCdBD-DhUAPbeng00a658.1511 EDM223 aEdmonds, Thomas P.  aFundamental managerial accounting concepts /cThomas P. Edmonds, Cindy D. Edmonds and Bor-Yi Tsay. aBoston :bIrwin/McGraw-Hill,cc2000. axxvii, 625 pages :billustrations ;c26 cm. aIncludes index. aManagerial accounting. aEdmonds, Cindy D. aTsay, Bor-Yi. 2ddccBK 00102ddc4070aUAPCLbUAPCLcGeneral Stacksd2020-12-24o658.1511 EDMp3010004398r2020-12-24t1w2020-12-24yBK